[Event "LYM - Maîtres vs Espoirs"]
[Site "Lausanne - Casino de Montbenon"]
[Date "2006.09.13"]
[Round "1"]
[White "Gheorghiu, Florin"]
[Black "Burnier, David"]
[Result "1/2-1/2"]
[WhiteElo "2379"]
[BlackElo "2320"]
[PlyCount "23"]
[EventDate "2006.09.13"]
[SourceDate "2006.09.13"]

1. Nf3 g6 2. e4 d6 3. d4 Bg7 4. Nc3 Nf6 5. Be2 O-O 6. O-O c6 7. h3 Nbd7 8. e5
Ne8 9. Bf4 dxe5 10. dxe5 Nc7 11. Qc1 Ne6 12. Bh6 1/2-1/2

[Event "LYM - Maîtres vs Espoirs"]
[Site "Lausanne - Casino de Montbenon"]
[Date "2006.09.13"]
[Round "1"]
[White "Tukmakov, Vladimir"]
[Black "Zenklusen, Rico"]
[Result "1-0"]
[WhiteElo "2560"]
[BlackElo "2348"]
[PlyCount "67"]
[EventDate "2006.09.13"]
[SourceDate "2006.09.13"]

1. d4 Nf6 2. c4 e6 3. g3 c5 4. Nf3 cxd4 5. Nxd4 d5 6. Bg2 e5 7. Nf3 d4 8. O-O
Nc6 9. e3 Bc5 10. exd4 exd4 11. Re1+ Be6 12. Nbd2 O-O 13. Nb3 Qb6 14. Ne5 Rfe8
15. Nxc6 bxc6 16. Bg5 Nd7 17. Qf3 f6 18. Qxc6 Rac8 19. Rxe6 Rxc6 20. Rxc6 Qd8
21. Bf4 Bf8 22. Bc7 Qe7 23. Bd5+ Kh8 24. Re6 Qf7 25. Nxd4 Qg6 26. Rae1 Rc8 27.
Bf4 Nc5 28. R6e3 h5 29. b4 Nd7 30. Be6 Qe8 31. c5 Qd8 32. c6 Ne5 33. Bxe5 fxe5
34. Rxe5 1-0

[Event "LYM - Maîtres vs Espoirs"]
[Site "Lausanne - Casino de Montbenon"]
[Date "2006.09.13"]
[Round "1"]
[White "Kurmann, Oliver"]
[Black "Farago, Ivan"]
[Result "1/2-1/2"]
[WhiteElo "2331"]
[BlackElo "2513"]
[PlyCount "120"]
[EventDate "2006.09.13"]
[SourceDate "2006.09.13"]

1. e4 e6 2. d4 d5 3. Nd2 Be7 4. Bd3 c5 5. dxc5 Nf6 6. Qe2 Nc6 7. Ngf3 a5 8. O-O
O-O 9. a4 Nb4 10. Nb3 b6 11. e5 Nd7 12. c6 Nxc6 13. Bb5 Qc7 14. Bf4 Nc5 15.
Nbd4 Nxd4 16. Nxd4 Bd7 17. Ra3 Ne4 18. Rh3 g6 19. f3 Bc5 20. c3 Bxb5 21. axb5
f6 22. fxe4 fxe5 23. exd5 exf4 24. dxe6 Rae8 25. Rhf3 Qd6 26. Qd2 Qxe6 27. Rxf4
Rxf4 28. Qxf4 Qe3+ 29. Qf2 Qxf2+ 30. Kxf2 Re5 31. Rd1 Kf7 32. Kf3 Bxd4 33. Rxd4
Rxb5 34. Rd2 Ke6 35. Ke4 a4 36. Rf2 Rh5 37. g3 b5 38. Kd4 Rd5+ 39. Ke4 Rd1 40.
Kf4 Ra1 41. Rd2 Ra2 42. Ke3 Ke5 43. Kd3 Ra1 44. Kc2 Rh1 45. Kd3 Kd5 46. Rf2 Ra1
47. Rf4 Rd1+ 48. Kc2 Rg1 49. Rd4+ Kc5 50. Rh4 h5 51. Kd2 Rg2+ 52. Kc1 Re2 53.
Kb1 Re1+ 54. Ka2 Rh1 55. b3 axb3+ 56. Kxb3 Rb1+ 57. Kc2 Ra1 58. Rf4 g5 59. Rf8
Ra2+ 60. Kb3 Rxh2 1/2-1/2

[Event "LYM - Maîtres vs Espoirs"]
[Site "Lausanne - Casino de Montbenon"]
[Date "2006.09.13"]
[Round "1"]
[White "Olivier, Jean-Christophe"]
[Black "Michiels, Bart"]
[Result "1/2-1/2"]
[WhiteElo "2392"]
[BlackElo "2455"]
[PlyCount "156"]
[EventDate "2006.09.13"]
[SourceDate "2006.09.13"]

1. e4 e6 2. d4 d5 3. Nc3 Nf6 4. Bg5 Bb4 5. exd5 Qxd5 6. Bxf6 Bxc3+ 7. bxc3 gxf6
8. Qd2 Nd7 9. Nf3 b6 10. c4 Qe4+ 11. Be2 Bb7 12. O-O-O O-O-O 13. Qe3 Qf5 14.
Rhe1 Rhe8 15. Kb2 e5 16. Nh4 Qg5 17. g3 exd4 18. Qxd4 Re4 19. Qc3 Nc5 20. Rxd8+
Kxd8 21. Kb1 Qe5 22. Rd1+ Kc8 23. Qxe5 fxe5 24. Bf1 Rd4 25. Rxd4 exd4 26. Nf5
Ne4 27. Kc1 c5 28. f4 Kc7 29. Nh6 f6 30. Bd3 Kd7 31. Nf5 Ke6 32. Ng7+ Kd7 33.
a3 Nd6 34. Nf5 Nf7 35. c3 dxc3 36. Kc2 h6 37. Kxc3 Bg2 38. Ne3 Bf3 39. Bf5+ Ke7
40. Kd3 Nd6 41. Bg6 Kf8 42. Kc3 Bc6 43. Bd3 Bd7 44. Be2 Be6 45. Bd3 Kg7 46. Kb2
h5 47. Kc3 Kh6 48. h4 Kg7 49. Kb2 Bf7 50. Kc3 Bg6 51. g4 hxg4 52. Nxg4 Bxd3 53.
Kxd3 f5 54. Ne5 Kh6 55. Nc6 Nc8 56. a4 a5 57. Ne5 Kh5 58. Ke3 Kxh4 59. Kf3 Nd6
60. Ng6+ Kh3 61. Ne5 Ne4 62. Ke3 Nc3 63. Kd3 Nxa4 64. Kc2 Kg3 65. Kb3 b5 66.
cxb5 Nb6 67. Nc4 a4+ 68. Kc3 Nd5+ 69. Kb2 Kxf4 70. b6 Nxb6 71. Nxb6 Ke4 72.
Nxa4 Kd4 73. Nxc5 Kxc5 74. Kc3 Kd5 75. Kd3 f4 76. Ke2 Ke4 77. Kf2 f3 78. Kf1
Ke3 1/2-1/2

[Event "LYM - Maîtres vs Espoirs"]
[Site "Lausanne - Casino de Montbenon"]
[Date "2006.09.13"]
[Round "1"]
[White "Vuilleumier, Alexandre"]
[Black "Apicella, Manuel"]
[Result "0-1"]
[WhiteElo "2402"]
[BlackElo "2520"]
[PlyCount "174"]
[EventDate "2006.09.13"]
[SourceDate "2006.09.13"]

1. e4 e6 2. d4 d5 3. Nc3 Bb4 4. exd5 exd5 5. Bd3 Nc6 6. a3 Bxc3+ 7. bxc3 Qf6 8.
Ne2 Bg4 9. h3 Bh5 10. O-O Nge7 11. Qd2 Bg6 12. Nf4 Bxd3 13. Nxd3 O-O-O 14. a4
Na5 15. Ba3 Nec6 16. Rfb1 h5 17. Qf4 Qxf4 18. Nxf4 g5 19. Nd3 Nc4 20. Bc1 Rhg8
21. Nb4 Nxb4 22. cxb4 Rde8 23. Kf1 Re4 24. c3 f6 25. Ra2 Rge8 26. Ba3 a6 27. b5
a5 28. Rd1 Kd7 29. Bc1 c6 30. bxc6+ bxc6 31. f3 R4e6 32. Kf2 Rb8 33. Re2 Rb1
34. f4 Nd6 35. Rxe6 Kxe6 36. Ke3 Ne4 37. fxg5 fxg5 38. Re1 Nxc3 39. Bd2 Rxe1+
40. Bxe1 Nxa4 41. Bxa5 Kf5 42. Bd8 Nc3 43. Kf3 g4+ 44. hxg4+ hxg4+ 45. Ke3 Ne4
46. Be7 Ng3 47. Bd6 Nh5 48. Bc7 Ng7 49. Bb8 Ne6 50. Bd6 Nd8 51. Be7 Nf7 52. Bf8
Nh8 53. Bd6 Ng6 54. g3 Nh8 55. Bb8 Nf7 56. Bc7 Ng5 57. Bd6 Ne6 58. Be7 Kg6 59.
Bd6 Kf7 60. Be5 Ke7 61. Bh8 Kd7 62. Be5 Kc8 63. Bf6 Kb7 64. Be5 Kb6 65. Bd6 Kb5
66. Be7 Kc4 67. Bf6 Kc3 68. Be5 Kc2 69. Ke2 Kc3 70. Ke3 Kc4 71. Bf6 Nc7 72. Be5
Nb5 73. Bf6 Na3 74. Kd2 Kb3 75. Kd3 Nc4 76. Be7 Kb2 77. Bg5 Nd6 78. Bf4 Nf5 79.
Be5 Kc1 80. Kc3 Kd1 81. Kb4 Ke2 82. Kc5 Kd3 83. Kxc6 Kc4 84. Kd7 Nxd4 85. Kd6
Nf5+ 86. Ke6 Nxg3 87. Kf6 Ne2 0-1

[Event "LYM - Maîtres vs Espoirs"]
[Site "Lausanne - Casino de Montbenon"]
[Date "2006.09.14"]
[Round "2"]
[White "Zenklusen, Rico"]
[Black "Gheorghiu, Florin"]
[Result "1/2-1/2"]
[WhiteElo "2348"]
[BlackElo "2379"]
[PlyCount "20"]
[EventDate "2006.09.14"]
[SourceDate "2006.09.14"]

1. e4 c5 2. Nf3 Nc6 3. d4 cxd4 4. Nxd4 Nf6 5. Nc3 e5 6. Ndb5 h6 7. Nd6+ Bxd6 8.
Qxd6 Qe7 9. Qxe7+ Kxe7 10. b3 d6 1/2-1/2

[Event "LYM - Maîtres vs Espoirs"]
[Site "Lausanne - Casino de Montbenon"]
[Date "2006.09.14"]
[Round "2"]
[White "Burnier, David"]
[Black "Vuilleumier, Alexandre"]
[Result "1-0"]
[WhiteElo "2320"]
[BlackElo "2402"]
[PlyCount "47"]
[EventDate "2006.09.14"]
[SourceDate "2006.09.14"]

1. d4 d5 2. c4 e6 3. Nc3 Be7 4. Nf3 Nf6 5. Bf4 O-O 6. e3 Nbd7 7. c5 c6 8. h3 b6
9. b4 a5 10. a3 Bb7 11. Bd3 axb4 12. axb4 Rxa1 13. Qxa1 Qa8 14. O-O Qxa1 15.
Rxa1 Ra8 16. Rxa8+ Bxa8 17. Ba6 Bd8 18. Bc8 Kf8 19. Na4 bxc5 20. dxc5 Ke8 21.
Ne5 g6 22. Kf1 Nxe5 23. Bxe5 Nd7 24. Bd6 1-0

[Event "LYM - Maîtres vs Espoirs"]
[Site "Lausanne - Casino de Montbenon"]
[Date "2006.09.14"]
[Round "2"]
[White "Kurmann, Oliver"]
[Black "Tukmakov, Vladimir"]
[Result "1/2-1/2"]
[WhiteElo "2331"]
[BlackElo "2560"]
[PlyCount "39"]
[EventDate "2006.09.14"]
[SourceDate "2006.09.14"]

1. e4 c6 2. d4 d5 3. e5 Bf5 4. Nd2 e6 5. Nb3 Nd7 6. Nf3 h5 7. Be2 Be7 8. Bd2
Nh6 9. O-O Bg4 10. a4 Nf5 11. a5 a6 12. Rc1 c5 13. c4 dxc4 14. Rxc4 cxd4 15.
Nbxd4 Nxd4 16. Rxd4 Bc5 17. Rc4 Be7 18. Rd4 Bc5 19. Rc4 Be7 20. Rd4 1/2-1/2

[Event "LYM - Maîtres vs Espoirs"]
[Site "Lausanne - Casino de Montbenon"]
[Date "2006.09.14"]
[Round "2"]
[White "Apicella, Manuel"]
[Black "Olivier, Jean-Christophe"]
[Result "1-0"]
[WhiteElo "2520"]
[BlackElo "2392"]
[PlyCount "65"]
[EventDate "2006.09.14"]
[SourceDate "2006.09.14"]

1. e4 e5 2. Nf3 Nc6 3. Bb5 a6 4. Ba4 d6 5. c3 Bd7 6. O-O g6 7. d4 Bg7 8. d5
Nce7 9. c4 h6 10. Nc3 f5 11. exf5 gxf5 12. Nh4 Nf6 13. f4 e4 14. Ne2 b5 15. Bb3
Qb8 16. Be3 bxc4 17. Bxc4 Qxb2 18. Bd4 Qb4 19. Bb3 O-O 20. Rc1 Qb7 21. Rc3 Rf7
22. Qd2 Nfxd5 23. Ng6 c6 24. Nxe7+ Rxe7 25. Rfc1 Be8 26. Ng3 Bxd4+ 27. Qxd4 Rf7
28. Bxd5 cxd5 29. Kh1 Bb5 30. Nxf5 Kh7 31. Nxd6 Qa7 32. Qxd5 Re7 33. Qf5+ 1-0

[Event "LYM - Maîtres vs Espoirs"]
[Site "Lausanne - Casino de Montbenon"]
[Date "2006.09.14"]
[Round "2"]
[White "Farago, Ivan"]
[Black "Michiels, Bart"]
[Result "1-0"]
[WhiteElo "2513"]
[BlackElo "2455"]
[PlyCount "101"]
[EventDate "2006.09.14"]
[SourceDate "2006.09.14"]

1. d4 d5 2. c4 dxc4 3. Nf3 Nf6 4. e3 e6 5. Bxc4 c5 6. O-O a6 7. Bb3 Nbd7 8. e4
Nxe4 9. Re1 Nef6 10. d5 Nb6 11. dxe6 Bxe6 12. Bxe6 Qxd1 13. Bxf7+ Kxf7 14. Rxd1
Nbd7 15. Nc3 Be7 16. Bf4 Rhe8 17. g4 h6 18. h4 Nf8 19. g5 hxg5 20. hxg5 Nh5 21.
Be3 Rad8 22. Ne4 Ne6 23. Ne5+ Kg8 24. Ng6 Kf7 25. Nxe7 Rxe7 26. Nxc5 Rxd1+ 27.
Rxd1 Nxc5 28. Bxc5 Rc7 29. Be3 Ke6 30. Rd3 Kf5 31. Rd4 Rc2 32. Rb4 b5 33. Kg2
Rc4 34. Rxc4 bxc4 35. Kf3 g6 36. a4 Ke5 37. Ke2 Ng7 38. Kd2 Kd5 39. Kc3 Ne6 40.
Kb4 Nc7 41. Bd2 Ne6 42. Be3 Nc7 43. Ka5 Kc6 44. Bd2 Ne6 45. f4 Nc5 46. f5 gxf5
47. g6 Ne6 48. Bc3 f4 49. g7 Nxg7 50. Bxg7 Kd5 51. Bf6 1-0

[Event "LYM - Maîtres vs Espoirs"]
[Site "Lausanne - Casino de Montbenon"]
[Date "2006.09.14"]
[Round "3"]
[White "Tukmakov, Vladimir"]
[Black "Farago, Ivan"]
[Result "1/2-1/2"]
[WhiteElo "2560"]
[BlackElo "2513"]
[PlyCount "25"]
[EventDate "2006.09.14"]
[SourceDate "2006.09.14"]

1. d4 Nf6 2. c4 e6 3. g3 d5 4. Bg2 dxc4 5. Nf3 Nc6 6. Qa4 Bb4+ 7. Bd2 Bd6 8.
Ne5 O-O 9. Nxc6 bxc6 10. Qxc4 Rb8 11. Qc2 Be7 12. e3 c5 13. Bc3 1/2-1/2

[Event "LYM - Maîtres vs Espoirs"]
[Site "Lausanne - Casino de Montbenon"]
[Date "2006.09.14"]
[Round "3"]
[White "Gheorghiu, Florin"]
[Black "Kurmann, Oliver"]
[Result "1/2-1/2"]
[WhiteElo "2379"]
[BlackElo "2331"]
[PlyCount "20"]
[EventDate "2006.09.14"]
[SourceDate "2006.09.14"]

1. Nf3 Nf6 2. c4 c6 3. Nc3 d5 4. e3 a6 5. Be2 Bg4 6. b3 e6 7. O-O Nbd7 8. d4
Bd6 9. Bb2 Qb8 10. h3 Bh5 1/2-1/2

[Event "LYM - Maîtres vs Espoirs"]
[Site "Lausanne - Casino de Montbenon"]
[Date "2006.09.14"]
[Round "3"]
[White "Vuilleumier, Alexandre"]
[Black "Zenklusen, Rico"]
[Result "0-1"]
[WhiteElo "2402"]
[BlackElo "2348"]
[PlyCount "72"]
[EventDate "2006.09.14"]
[SourceDate "2006.09.14"]

1. e4 c6 2. d3 d5 3. Nd2 e5 4. Ngf3 Bd6 5. d4 exd4 6. exd5 Qe7+ 7. Be2 d3 8.
cxd3 cxd5 9. O-O Nf6 10. Re1 O-O 11. Nf1 Bb4 12. Bd2 Nc6 13. Rc1 Re8 14. a3
Bxd2 15. Qxd2 Qd6 16. Ne3 Bg4 17. Nxg4 Nxg4 18. d4 Re6 19. Bb5 Rxe1+ 20. Rxe1
h6 21. h3 Nf6 22. Ne5 Ne4 23. Qf4 Nxd4 24. Bd3 Qf6 25. Rxe4 dxe4 26. Qxe4 Rd8
27. Nd7 Qf5 28. Qxf5 Nxf5 29. Bxf5 g6 30. Bg4 f5 31. Nf6+ Kf7 32. Bf3 Kxf6 33.
Bxb7 Rb8 34. Bc6 Rxb2 35. g3 Rb6 36. Bd7 Ke7 0-1

[Event "LYM - Maîtres vs Espoirs"]
[Site "Lausanne - Casino de Montbenon"]
[Date "2006.09.14"]
[Round "3"]
[White "Olivier, Jean-Christophe"]
[Black "Burnier, David"]
[Result "1-0"]
[WhiteElo "2392"]
[BlackElo "2320"]
[PlyCount "103"]
[EventDate "2006.09.14"]
[SourceDate "2006.09.14"]

1. e4 e5 2. Nf3 Nc6 3. Bb5 a6 4. Ba4 Nf6 5. Qe2 b5 6. Bb3 Bc5 7. c3 O-O 8. O-O
Re8 9. d3 h6 10. a4 Rb8 11. axb5 axb5 12. Nbd2 d5 13. exd5 Nxd5 14. Ne4 Be7 15.
Ng3 Bf8 16. Re1 Be6 17. Bc2 b4 18. Ra6 Nf4 19. Bxf4 exf4 20. Ne4 Bd7 21. d4
bxc3 22. bxc3 Qc8 23. Raa1 Nd8 24. Qd3 f5 25. Nc5 Bxc5 26. Qc4+ Be6 27. Qxc5
Nf7 28. d5 Bd7 29. Nd4 Nd6 30. Rxe8+ Nxe8 31. Re1 Nf6 32. f3 Rb6 33. Bd3 Rd6
34. Bc4 Qb8 35. Ne6 Qb6 36. Qxb6 cxb6 37. Nxf4 g5 38. Nd3 Kg7 39. Nb4 Ng8 40.
Kf2 Kf6 41. Ke3 f4+ 42. Kd4 Ne7 43. Bd3 Bc8 44. c4 Bb7 45. c5 bxc5+ 46. Kxc5
Nc8 47. Bb5 Rd8 48. Re6+ Kg7 49. d6 g4 50. d7 gxf3 51. gxf3 Na7 52. Re8 1-0

[Event "LYM - Maîtres vs Espoirs"]
[Site "Lausanne - Casino de Montbenon"]
[Date "2006.09.14"]
[Round "3"]
[White "Michiels, Bart"]
[Black "Apicella, Manuel"]
[Result "1-0"]
[WhiteElo "2455"]
[BlackElo "2520"]
[PlyCount "161"]
[EventDate "2006.09.14"]
[SourceDate "2006.09.14"]

1. e4 e6 2. d4 d5 3. Nc3 Bb4 4. e5 Ne7 5. a3 Bxc3+ 6. bxc3 c5 7. Qg4 O-O 8. Bd3
Nbc6 9. Qh5 Ng6 10. Nf3 Qc7 11. Be3 c4 12. Bxg6 fxg6 13. Qg4 Qf7 14. Ng5 Qe8
15. h4 h6 16. Nh3 Bd7 17. Qe2 b5 18. h5 gxh5 19. Nf4 Rxf4 20. Bxf4 Qf7 21. Be3
Be8 22. Rh3 Ne7 23. f3 Qf5 24. g4 hxg4 25. fxg4 Qe4 26. Bc1 Bg6 27. Qxe4 Bxe4
28. a4 bxa4 29. Rxa4 a5 30. Ra2 Nc6 31. Rb2 Rb8 32. Rxb8+ Nxb8 33. Kd2 Nc6 34.
Ba3 Nd8 35. Be7 Nf7 36. Rg3 Kh7 37. Rg1 Kg6 38. Ra1 Bf3 39. Rg1 Be4 40. Ra1 a4
41. Rf1 Bg2 42. Rg1 Bf3 43. Ke3 Be4 44. Rb1 h5 45. Rb6 hxg4 46. Rxe6+ Kf5 47.
Ra6 g3 48. Bh4 Nh6 49. Bxg3 Kg4 50. Kf2 Bf5 51. e6 Ng8 52. Bc7 a3 53. Bd8 a2
54. e7 Bd7 55. Rxa2 Nf6 56. Ra7 Bb5 57. Ba5 Kf5 58. Rb7 Ba4 59. Rb6 Kg6 60. Re6
Kf7 61. Ra6 Bxc2 62. Bb4 Bf5 63. Kf3 Bd7 64. Kf4 Bb5 65. Rb6 Ba4 66. Ra6 Bb5
67. Ra5 Bd7 68. Ke5 Bh3 69. Ra8 Ne8 70. Ra2 Nf6 71. Kd6 Bd7 72. Rg2 Bb5 73. Kc7
Ne4 74. Kd8 Ba4 75. Rg1 Nd2 76. Rg5 Ne4 77. Rxd5 Nf6 78. Re5 Be8 79. d5 g6 80.
d6 Bd7 81. Re1 1-0

[Event "LYM - Maîtres vs Espoirs"]
[Site "Lausanne - Casino de Montbenon"]
[Date "2006.09.15"]
[Round "4"]
[White "Farago, Ivan"]
[Black "Apicella, Manuel"]
[Result "1/2-1/2"]
[WhiteElo "2513"]
[BlackElo "2520"]
[PlyCount "30"]
[EventDate "2006.??.??"]

1. d4 e6 2. c4 d5 3. Nc3 c6 4. e3 Bd6 5. Bd3 f5 6. f4 Nf6 7. Nf3 Ne4 8. Bd2 O-O
9. O-O Nd7 10. Qe2 Ndf6 11. c5 Bc7 12. b4 Bd7 13. b5 Nxc3 14. Bxc3 cxb5 15.
Bxb5 Ne4 1/2-1/2

[Event "LYM - Maîtres vs Espoirs"]
[Site "Lausanne - Casino de Montbenon"]
[Date "2006.09.15"]
[Round "4"]
[White "Kurmann, Oliver"]
[Black "Vuilleumier, Alexandre"]
[Result "1-0"]
[WhiteElo "2331"]
[BlackElo "2402"]
[PlyCount "41"]
[EventDate "2006.??.??"]
[SourceDate "2006.09.15"]

1. e4 e5 2. Bc4 Nf6 3. d3 Bc5 4. Nf3 Nc6 5. c3 d6 6. Bb3 a6 7. O-O Ba7 8. Be3
O-O 9. Nbd2 Ne7 10. Nh4 Kh8 11. Bxa7 Rxa7 12. f4 Ng6 13. Nxg6+ fxg6 14. fxe5
dxe5 15. Nc4 Qe7 16. d4 Bg4 17. Qd3 Nd7 18. Rxf8+ Qxf8 19. Ne3 Bh5 20. g4 exd4
21. cxd4 1-0

[Event "LYM - Maîtres vs Espoirs"]
[Site "Lausanne - Casino de Montbenon"]
[Date "2006.09.15"]
[Round "4"]
[White "Tukmakov, Vladimir"]
[Black "Gheorghiu, Florin"]
[Result "1-0"]
[WhiteElo "2560"]
[BlackElo "2379"]
[PlyCount "67"]
[EventDate "2006.09.15"]
[SourceDate "2006.09.15"]

1. d4 Nf6 2. Nf3 g6 3. c4 Bg7 4. Nc3 O-O 5. e4 c5 6. dxc5 Qa5 7. Bd3 Qxc5 8.
O-O d6 9. Be3 Qa5 10. h3 Nc6 11. a3 Nd7 12. b4 Qd8 13. Qd2 b6 14. Rfd1 Bb7 15.
Rac1 Nce5 16. Nxe5 Nxe5 17. Be2 Rc8 18. Qa2 Qe8 19. Qb3 Bc6 20. c5 dxc5 21.
bxc5 Nd7 22. cxb6 axb6 23. Nb5 Bxe4 24. Nc7 Qd8 25. Ne6 fxe6 26. Qxe6+ Kh8 27.
Rxc8 Qxc8 28. Qxe4 Nc5 29. Qxe7 Qa8 30. Bxc5 bxc5 31. Rd7 Rg8 32. Bc4 Qxa3 33.
Qxg7+ Rxg7 34. Rd8+ 1-0

[Event "LYM - Maîtres vs Espoirs"]
[Site "Lausanne - Casino de Montbenon"]
[Date "2006.09.15"]
[Round "4"]
[White "Burnier, David"]
[Black "Michiels, Bart"]
[Result "0-1"]
[WhiteElo "2320"]
[BlackElo "2455"]
[PlyCount "112"]
[EventDate "2006.09.15"]
[SourceDate "2006.09.15"]

1. d4 e6 2. c4 Nf6 3. Nc3 Bb4 4. Nf3 b6 5. Bg5 Bxc3+ 6. bxc3 Bb7 7. Nd2 d6 8.
f3 c5 9. e4 e5 10. Nb3 Nbd7 11. Bd3 Nf8 12. d5 h6 13. Be3 Bc8 14. Nc1 g5 15.
Bc2 Bd7 16. Ba4 Ng6 17. Bxd7+ Qxd7 18. a4 Nf4 19. Qd2 Ke7 20. Nd3 Rhg8 21. g3
Nh3 22. Qg2 Rab8 23. Bd2 Nh7 24. Kd1 Nf8 25. Kc2 Ng6 26. Rhb1 a6 27. Ra3 Kd8
28. a5 Kc7 29. axb6+ Rxb6 30. Rxb6 Kxb6 31. Be3 Ra8 32. Nb4 Ne7 33. Qf1 Kb7 34.
Nd3 Kc7 35. Qa1 Qc8 36. Rb3 a5 37. Rb5 Kd7 38. Qa4 Kd8 39. Bxc5 dxc5 40. Nxe5
Ng6 41. Rxc5 Qb7 42. Rb5 Qc8 43. Nxf7+ Ke7 44. Nxh6 Ng1 45. Qa3+ Kd7 46. c5
Nxf3 47. c6+ Ke8 48. Rb7 Qh3 49. Nf5 Qg2+ 50. Kb1 Nd2+ 51. Ka1 Qf1+ 52. Ka2
Qc4+ 53. Kb2 Nxe4 54. Re7+ Kd8 55. Rxe4 Rb8+ 56. Kc2 Qxe4+ 0-1

[Event "LYM - Maîtres vs Espoirs"]
[Site "Lausanne - Casino de Montbenon"]
[Date "2006.09.15"]
[Round "4"]
[White "Zenklusen, Rico"]
[Black "Olivier, Jean-Christophe"]
[Result "1-0"]
[WhiteElo "2348"]
[BlackElo "2392"]
[PlyCount "115"]
[EventDate "2006.09.15"]
[SourceDate "2006.09.15"]

1. e4 c5 2. Nf3 e6 3. d4 cxd4 4. Nxd4 Nc6 5. Nc3 a6 6. Nxc6 bxc6 7. Bd3 d6 8.
O-O Nf6 9. Na4 Qc7 10. c4 c5 11. f4 Be7 12. b3 Bb7 13. Qe2 Nd7 14. Bb2 Bf6 15.
Bxf6 Nxf6 16. e5 dxe5 17. fxe5 Nd7 18. Rae1 O-O 19. Qh5 g6 20. Qg5 Rad8 21. Bb1
Nb6 22. Nc3 Rd4 23. Ne2 Qd8 24. Qe3 Rg4 25. g3 Qg5 26. Nf4 h5 27. Bc2 h4 28.
Bd1 hxg3 29. Bxg4 gxh2+ 30. Kxh2 Qxg4 31. Qg3 Qf5 32. Nh3 Qh5 33. Qg5 Qh8 34.
Rd1 Be4 35. Rd8 Bf5 36. Rxf8+ Kxf8 37. Qd8+ Kg7 38. Qf6+ Kg8 39. Qxh8+ Kxh8 40.
Rd1 Kg7 41. Rd6 Nc8 42. Rxa6 f6 43. Nf4 Kf7 44. exf6 Kxf6 45. Rc6 Ne7 46. Nd5+
Nxd5 47. cxd5 Ke7 48. dxe6 Bb1 49. a3 Ba2 50. Rb6 c4 51. b4 Bb3 52. Rc6 Ba4 53.
Rxc4 Kxe6 54. Rc5 Kd6 55. Kg3 Bd7 56. Kf4 Be8 57. Kg5 Ke6 58. Rc8 1-0

[Event "LYM - Maîtres vs Espoirs"]
[Site "Lausanne - Casino de Montbenon"]
[Date "2006.09.15"]
[Round "5"]
[White "Apicella, Manuel"]
[Black "Burnier, David"]
[Result "1-0"]
[WhiteElo "2520"]
[BlackElo "2320"]
[PlyCount "63"]
[EventDate "2006.09.15"]
[SourceDate "2006.09.15"]

1. e4 e5 2. Nf3 Nc6 3. Bb5 a6 4. Ba4 Nf6 5. O-O b5 6. Bb3 Bb7 7. Re1 Bc5 8. c3
d6 9. d4 Bb6 10. Be3 h6 11. d5 Ne7 12. Bxb6 cxb6 13. Nbd2 O-O 14. a4 bxa4 15.
Bxa4 b5 16. Bc2 Ng6 17. Bd3 Qb6 18. g3 Bc8 19. Qe2 Bh3 20. Qe3 Qb7 21. Bf1 Qd7
22. Qe2 Nh7 23. Ra5 Bg4 24. Rea1 Ng5 25. Qe3 Nxf3+ 26. Nxf3 f5 27. exf5 Qxf5
28. Nd2 Ne7 29. Bxb5 Rab8 30. Bd3 Qf7 31. b4 Bc8 32. Ne4 1-0

[Event "LYM - Maîtres vs Espoirs"]
[Site "Lausanne - Casino de Montbenon"]
[Date "2006.09.15"]
[Round "5"]
[White "Vuilleumier, Alexandre"]
[Black "Tukmakov, Vladimir"]
[Result "0-1"]
[WhiteElo "2402"]
[BlackElo "2560"]
[PlyCount "66"]
[EventDate "2006.09.15"]
[SourceDate "2006.09.15"]

1. e4 c5 2. Nf3 d6 3. d4 cxd4 4. Nxd4 Nf6 5. Nc3 a6 6. Be3 e6 7. f3 b5 8. g4 h6
9. Qd2 b4 10. Nce2 e5 11. Nb3 a5 12. O-O-O a4 13. Nc5 Nc6 14. Nd3 d5 15. g5
hxg5 16. Bxg5 dxe4 17. fxe4 Be6 18. Ng3 Bxa2 19. Nf5 Be6 20. Bg2 a3 21. b3 a2
22. Kb2 Bxf5 23. exf5 Qd4+ 24. c3 bxc3+ 25. Qxc3 Ba3+ 26. Kc2 Qxc3+ 27. Kxc3
Rc8 28. b4 Nd4+ 29. Nc5 Nd7 30. Rxd4 exd4+ 31. Kb3 Nxc5+ 32. Kxa3 Nd3 33. Bb7
Rc7 0-1

[Event "LYM - Maîtres vs Espoirs"]
[Site "Lausanne - Casino de Montbenon"]
[Date "2006.09.15"]
[Round "5"]
[White "Olivier, Jean-Christophe"]
[Black "Kurmann, Oliver"]
[Result "1-0"]
[WhiteElo "2392"]
[BlackElo "2331"]
[PlyCount "101"]
[EventDate "2006.09.15"]
[SourceDate "2006.09.15"]

1. e4 c5 2. Nf3 e6 3. d4 cxd4 4. Nxd4 Nc6 5. Nb5 d6 6. Bf4 e5 7. Be3 a6 8. N5c3
Nf6 9. Bc4 Be7 10. Nd5 Nxd5 11. Bxd5 O-O 12. Qd2 Be6 13. Nc3 Rc8 14. O-O Na5
15. a4 Qc7 16. Rfc1 Rfe8 17. f3 h6 18. Qd3 Red8 19. Qd2 Bf8 20. h3 Rd7 21. Kh1
Kh7 22. Kh2 g6 23. Kh1 Bg7 24. Nd1 Bxd5 25. Qxd5 Nc4 26. Bf2 h5 27. b3 Nb6 28.
Qa5 Na8 29. Qxc7 Nxc7 30. c4 Bh6 31. Rc2 Kg7 32. a5 Nb5 33. Rb2 Nd4 34. Nc3 Ne6
35. Nd5 Rc6 36. Rd1 Bg5 37. Nb6 Rd8 38. h4 Bh6 39. Rbb1 f5 40. b4 fxe4 41. fxe4
Rf8 42. Rb2 Rxf2 43. Rxf2 Be3 44. Rf3 Bxb6 45. axb6 Nd4 46. Rf2 Rxb6 47. Rdf1
Rxb4 48. Rf7+ Kh6 49. Rd7 Ne6 50. Rff7 Ng5 51. Rf8 1-0

[Event "LYM - Maîtres vs Espoirs"]
[Site "Lausanne - Casino de Montbenon"]
[Date "2006.09.15"]
[Round "5"]
[White "Michiels, Bart"]
[Black "Zenklusen, Rico"]
[Result "1-0"]
[WhiteElo "2455"]
[BlackElo "2348"]
[PlyCount "131"]
[EventDate "2006.09.15"]
[SourceDate "2006.09.15"]

1. e4 c6 2. d4 d5 3. Nc3 dxe4 4. Nxe4 Bf5 5. Ng3 Bg6 6. h4 h6 7. Nf3 Nd7 8. h5
Bh7 9. Bd3 Bxd3 10. Qxd3 e6 11. Bd2 Ngf6 12. O-O-O Be7 13. Kb1 O-O 14. Ne4 Nxe4
15. Qxe4 Nf6 16. Qe2 Qd5 17. c4 Qe4+ 18. Qxe4 Nxe4 19. Be3 Rfd8 20. Ne5 c5 21.
dxc5 Bxc5 22. Bxc5 Nxc5 23. f3 a5 24. Kc2 Kf8 25. g4 Ke7 26. Rhe1 Rac8 27. b3
Nd7 28. Nxd7 Rxd7 29. Rxd7+ Kxd7 30. Rd1+ Ke7 31. Kc3 Rc5 32. a3 Re5 33. b4
axb4+ 34. axb4 b6 35. Kd4 Rg5 36. Ra1 f5 37. f4 Rxg4 38. Ke5 Kd7 39. Ra7+ Kc6
40. Re7 Rh4 41. Rxe6+ Kc7 42. b5 Rxh5 43. Re7+ Kb8 44. Rxg7 Rh1 45. Kxf5 h5 46.
Rh7 h4 47. Rh6 Kb7 48. Kg4 Rc1 49. Rc6 Rf1 50. c5 bxc5 51. Rxc5 Kb6 52. Rh5 Rf2
53. Rxh4 Kxb5 54. Rh1 Rg2+ 55. Kf3 Rg8 56. f5 Kc6 57. Rd1 Rf8 58. Kf4 Ra8 59.
Kg5 Rg8+ 60. Kf6 Rg2 61. Kf7 Rf2 62. f6 Rf3 63. Kg7 Rg3+ 64. Kf8 Rg6 65. Ke7
Rg2 66. Re1 1-0

[Event "LYM - Maîtres vs Espoirs"]
[Site "Lausanne - Casino de Montbenon"]
[Date "2006.09.16"]
[Round "6"]
[White "Kurmann, Oliver"]
[Black "Michiels, Bart"]
[Result "1/2-1/2"]
[WhiteElo "2331"]
[BlackElo "2455"]
[PlyCount "54"]
[EventDate "2006.09.16"]
[SourceDate "2006.09.16"]

1. e4 c5 2. Nf3 Nc6 3. Nc3 e6 4. d4 cxd4 5. Nxd4 Qc7 6. Be3 a6 7. Qd2 Nf6 8.
O-O-O Bb4 9. f3 Na5 10. Qe1 Bxc3 11. Qxc3 Qxc3 12. bxc3 d5 13. e5 Nd7 14. f4 b5
15. Nb3 Nc4 16. Bxc4 bxc4 17. Nc5 Rb8 18. Kd2 Rb5 19. Nxd7 Bxd7 20. Rb1 O-O 21.
Rb4 Rfb8 22. Rhb1 f6 23. Bd4 Kf7 24. Ke3 a5 25. Rxb5 Rxb5 26. Rxb5 Bxb5 27. Bb6
a4 1/2-1/2